Антинаркотические программы Службы профилактики наркозависимости (Запись № 11061312)
[ простой вид ]
| 000 -МАРКЕР | |
|---|---|
| контрольное поле | 02395nam0a2200349 i 4500 |
| 001 - ИДЕНТИФИКАТОР ЗАПИСИ | |
| контрольное поле | RU\NLR\BIBL_A\011318001 |
| 005 - ИДЕНТИФИКАТОР ВЕРСИИ | |
| контрольное поле | 20260408115527.0 |
| 010 ## - МЕЖДУНАРОДНЫЙ СТАНДАРТНЫЙ НОМЕР КНИГИ (ISBN) | |
| Номер (ISBN) | 9785990937093 |
| Тираж | 250 |
| 021 ## - НОМЕР ГОСУДАРСТВЕННОЙ РЕГИСТРАЦИИ | |
| Код страны | Российская Федерация |
| Номер | 2016-100965 |
| Номер Листа государственной регистраци | 6718 |
| 035 ## - ДРУГИЕ СИСТЕМНЫЕ НОМЕРА | |
| Идентификатор записи | (NILC)RuMoRGB-008122108 |
| 035 ## - ДРУГИЕ СИСТЕМНЫЕ НОМЕРА | |
| Идентификатор записи | (NLR Aleph) 011318001 |
| 100 ## - ДАННЫЕ ОБЩЕЙ ОБРАБОТКИ | |
| Данные общей обработки | 20170130d2016 km y0rusy50 ca |
| 101 0# - ЯЗЫК РЕСУРСА | |
| Язык текста, звукозаписи и т.д. | русский |
| 102 ## - СТРАНА ПУБЛИКАЦИИ ИЛИ ПРОИЗВОДСТВА | |
| Страна публикации | Российская Федерация |
| 105 ## - ПОЛЕ КОДИРОВАННЫХ ДАННЫХ: ТЕКСТОВЫЕ МАТЕРИАЛЫ, МОНОГРАФИЧЕСКИЕ | |
| Кодированные данные о монографическом текстовом документе | a|||z|||000zy |
| 200 1# - ЗАГЛАВИЕ И СВЕДЕНИЯ ОБ ОТВЕТСТВЕННОСТИ | |
| Основное заглавие | Антинаркотические программы Службы профилактики наркозависимости |
| Сведения, относящиеся к заглавию | сборник |
| Первые сведения об ответственности | Правительство Санкт-Петербурга, Ком. по молодеж. политике и взаимодействию с обществ. орг., С.-Петерб. гос. бюджет. учреждение Город. центр социальных прогр. и профилактики асоциальных явлений среди молодежи "Контакт" |
| Последующие сведения об ответственности | [Яковлева Е.С. и др.] |
| 210 ## - ПУБЛИКАЦИЯ, РАСПРОСТРАНЕНИЕ И ДР. | |
| Место издания, распространения и т.д. | Санкт-Петербург |
| Имя издателя, распространителя и т. д. | Амирит |
| Дата издания, распространения и т.д. | 2016 |
| 215 ## - ФИЗИЧЕСКАЯ ХАРАКТЕРИСТИКА | |
| Специфическое обозначение материала и объем | 85 с. |
| Другие сведения о физической характеристике | цв. ил |
| Размеры | 29 |
| 300 ## - ОБЩИЕ ПРИМЕЧАНИЯ | |
| Текст примечания | На обл.: Сборник антинаркотических программ Службы профилактики наркозависимости : "Санкт-Петербург - территория безопасности" |
| 512 1# - ЗАГЛАВИЕ ОБЛОЖКИ | |
| Заглавие обложки | Сборник антинаркотических программ Службы профилактики наркозависимости |
| Сведения, относящиеся к заглавию | "Санкт-Петербург - территория безопасности" |
| 606 ## - НАИМЕНОВАНИЕ ТЕМЫ КАК ПРЕДМЕТ | |
| Наименование темы | Наркомания |
| Формальный подзаголовок | Сборники |
| Тематический подзаголовок | Психопрофилактика |
| Системный номер авторитетной/нормативной записи | 2189812 |
| Идентификатор авторитетной/нормативной записи | RU\NLR\AUTH\661316405 |
| 606 1# - НАИМЕНОВАНИЕ ТЕМЫ КАК ПРЕДМЕТ | |
| Наименование темы | Наркомания |
| Формальный подзаголовок | Сборники |
| Тематический подзаголовок | Профилактика |
| Системный номер авторитетной/нормативной записи | 1735203 |
| Идентификатор авторитетной/нормативной записи | RU\NLR\AUTH\66775929 |
| 686 1# - ИНДЕКСЫ ДРУГИХ КЛАССИФИКАЦИЙ | |
| Индекс | Ю967я43 |
| 686 1# - ИНДЕКСЫ ДРУГИХ КЛАССИФИКАЦИЙ | |
| Индекс | Р120.482я43 |
| 702 #1 - ИМЯ ЛИЦА - ВТОРИЧНАЯ ОТВЕТСТВЕННОСТЬ | |
| Код отношения | Составитель |
| Начальный элемент ввода | Яковлева |
| Часть имени, кроме начального элемента ввода | Е. С. |
| Дополнения к именам, кроме дат | психолог |
| Даты | 1990- |
| Расширение инициалов личного имени | Екатерина Сергеевна |
| Системный номер авторитетной/нормативной записи | 169842 |
| Идентификатор авторитетной/нормативной записи | RU\NLR\AUTH\770169892 |
| 712 02 - НАИМЕНОВАНИЕ ОРГАНИЗАЦИИ - ВТОРИЧНАЯ ОТВЕТСТВЕННОСТЬ | |
| Код отношения | Прочие |
| Начальный элемент ввода | "Контакт", городской центр социальных программ и профилактики асоциальных явлений среди молодежи |
| Идентифицирующий признак | Санкт-Петербург |
| Системный номер авторитетной/нормативной записи | 427182 |
| Идентификатор авторитетной/нормативной записи | RU\NLR\AUTH\880380413 |
| 942 ## - ДОПОЛНИТЕЛЬНЫЕ ЭЛЕМЕНТЫ ЗАПИСИ (АБИС) | |
| Тип экземпляра АБИС | Книга |
| 980 ## - КОЛЛЕКЦИЯ | |
| Название коллекции | НБР |
Нет доступных экземпляров.